|
|
|
|
| LEADER |
00000nam0a2200000 4500 |
| 001 |
367592 |
| 005 |
20231102012010.0 |
| 035 |
|
|
|a (RuTPU)RU\TPU\retro\24955
|
| 090 |
|
|
|a 367592
|
| 100 |
|
|
|a 20220317d1979 km y0rusy50 ca
|
| 101 |
0 |
|
|a rus
|
| 102 |
|
|
|a RU
|
| 105 |
|
|
|a a z 001zy
|
| 200 |
1 |
|
|a Примеры расчета железобетонных конструкций
|f М. С. Трояник, П. Ф. Вахненко, С. И. Роговой
|g под ред. М. С. Трояника
|
| 210 |
|
|
|a Москва
|c Стройиздат
|d 1979
|
| 215 |
|
|
|a 241 с.
|c ил.
|
| 320 |
|
|
|a Библиогр.: с. 241
|
| 606 |
1 |
|
|a Железобетонные конструкции
|2 stltpush
|3 (RuTPU)RU\TPU\subj\10630
|9 37672
|
| 610 |
1 |
|
|a расчеты
|
| 610 |
1 |
|
|a примеры
|
| 610 |
1 |
|
|a изгибаемые элементы
|
| 610 |
1 |
|
|a сжатые элементы
|
| 610 |
1 |
|
|a гражданские здания
|
| 610 |
1 |
|
|a конструкции
|
| 610 |
1 |
|
|a промышленные здания
|
| 675 |
|
|
|a 624.012.45
|v 4
|
| 700 |
|
1 |
|a Трояник
|b М. С.
|g Михаил Степанович
|
| 701 |
|
1 |
|a Вахненко
|b П. Ф.
|g Петр Федорович
|
| 701 |
|
1 |
|a Роговой
|b С. И.
|g Станислав Иванович
|
| 702 |
|
1 |
|a Трояник
|b М. С.
|4 340
|
| 801 |
|
1 |
|a RU
|b 63413507
|c 20220317
|
| 942 |
|
|
|c BK
|